| 000 | 00940cab a2200265 4500 | ||
|---|---|---|---|
| 001 | WB3245-33 | ||
| 008 | 090401t1996 xxu||||| |||| 00| 0 eng d | ||
| 035 | _a(Sirsi) u60347 | ||
| 041 | _aeng | ||
| 245 | _aWhen business tenancy ceases | ||
| 260 | _c1996 | ||
| 350 | _a0 | ||
| 490 |
_aEstates Gazette _v(9647) 23 November 1996, 137(2) |
||
| 520 | _aDiscusses "Esselte AB v Pearl Assurance plc" CA 1996 (See WB3243-37) removes the obligation for 1954 Act tenants to serve s27 notices if they cease to occupy business premises before or at the end of the contractual term. | ||
| 650 | _aBUSINESS TENANCIES | ||
| 650 | _aCONTRACTUAL TERM | ||
| 650 | _aESSELTE AB V PEARL ASSURANCE PLC | ||
| 650 | _aLANDLORD AND TENANT ACT 1954 S27 | ||
| 650 | _aSECTION 27 NOTICES | ||
| 650 | _aTERMINATION OF TENANCY | ||
| 650 | _aUNEXPIRED LEASE | ||
| 690 | _aLANDLORD AND TENANT-BUSINESS TENANCIES | ||
| 942 | _n0 | ||
| 948 | _c04/03/1997 | ||
| 999 |
_c37198 _d37198 |
||